Detalles MARC
| 000 -Cabecera |
| Campo de control de longitud fija |
01275atm a2200373 4500 |
| 005 - Fecha y hora de la última transacción |
| Campo de control |
20251010145409.0 |
| 008 - Elementos de longitud fija--Información general |
| Campo de control de longitud fija |
150727b2000 xxu||||| |||| 00| 0 spa d |
| 020 ## - International Standard Book Number |
| Número Internacional Estándar del Libro (ISBN) |
8480889179 |
| 041 ## - Idioma |
| Código de idioma |
Español |
| 082 ## - Clasificación Decimal Dewey |
| Número de clasificación |
658.45 G241c |
| 100 ## - Entrada principal--Autor personal |
| Nombre personal |
Garrido M., Francisco Javier |
| 9 (RLIN) |
38348 |
| 245 ## - Título propiamente dicho |
| Título |
Comunicación estratégica |
| 260 ## - Pie de imprenta |
| Lugar de publicación, distribución, etc. |
España |
| 260 ## - Pie de imprenta |
| Nombre del editor, distribuidor, etc. |
Gestion 2000 |
| 260 ## - Pie de imprenta |
| Fecha de publicación, distribución, etc. |
2004 |
| 300 ## - Descripción física |
| Extensión |
243 páginas |
| 490 ## - Serie |
| Título de la Serie |
Dirección y Administración de Empresas |
| 505 ## - Nota de contenido |
| Nota de contenido |
Parte I. Introducción general, <br/>Parte II. Comunicación y empresa, <br/>Parte III. Comunicación estratégica,<br/>Parte IV. Los para qué de la estrategia, <br/>Parte V. Anexos |
| 650 ## - Materia general |
| Temática (materia general) |
COMUNICACIÓN CÓMO TÉCNICA GERENCIAL |
| 650 ## - Materia general |
| Temática (materia general) |
COMUNICACIÓN EN LA EMPRESA |
| 650 ## - Materia general |
| Temática (materia general) |
COMUNICACIÓN APLICADA |
| 650 ## - Materia general |
| Temática (materia general) |
COMUNICACIÓN ESTRATÉGICA |
| 650 ## - Materia general |
| Temática (materia general) |
GESTIÓN ESTRATÉGICA |
| 650 ## - Materia general |
| Temática (materia general) |
AUDITORÍAS DE COMUNICACIÓN |
| 650 ## - Materia general |
| Temática (materia general) |
INSTRUMENTOS DE COMUNICACIÓN |
| 650 ## - Materia general |
| Temática (materia general) |
CULTURA CORPORATIVA |
| 650 ## - Materia general |
| Temática (materia general) |
CONSTRUCIÓN COLECTIVA |
| 650 ## - Materia general |
| Temática (materia general) |
ESTRATEGIA DE COMUNICACIÓN Y ESTRATEGIA PUBLICITARIA |
| 650 ## - Materia general |
| Temática (materia general) |
IMAGEN CORPORATIVA |
| 650 ## - Materia general |
| Temática (materia general) |
IMAGEN DE LA EMPRESA |
| 650 ## - Materia general |
| Temática (materia general) |
PERSPECTIVAS EN E-COMUNICACIÓN |
| 650 ## - Materia general |
| Temática (materia general) |
LOBBY |
| 942 ## - Punto de acceso adicional KOHA |
| Tipo de ítem KOHA |
Libro |
| Fuente del sistema de clasificación o colocación |
Dewey Decimal Classification |